• 首页
  • 本馆介绍
  • 公告通知
  • 最新文献
  • 馆藏检索
  • 电子资源
  • 读者导购
  • 参考咨询
  • 我的图书馆
  • 登录
  • 详细信息显示
  • 放入我的书架
  • 预约/预借图书
  • 作者相关作品
  • 分类相关作品
  • 丛书相关作品
  • 出版社相关作品

书目信息

  • 表格格式
  • 工作单格式
  • 卡片格式
题名:
贵州省就业特点与趋势研究
    
 
作者: 王见敏 , 钟鑫 著
分册:  
出版信息: 北京   中国社会科学出版社  2020.12
页数: 256页
开本: 24cm
丛书名:
单 册:
中图分类: D669.2
科图分类:
主题词: 就业问题--jiu ye wen ti--研究--贵州
电子资源:
ISBN: 978-7-5203-7683-9
000 02129nam0 2200301 450
001 CAL 0120217115790
005 20230217093112.0
010    @a978-7-5203-7683-9@dCNY96.00
092    @aCN@bRt966-1251
100    @a20210324d2020 em y0chiy0120 ea
101 0  @achi
102    @aCN@b110000
105    @aa a 000yy
106    @ar
200 1  @a贵州省就业特点与趋势研究@Agui zhou sheng jiu ye te dian yu qu shi yan jiu@d= A study on research on characteristic and trendency of employment in Guizhou province@f王见敏, 钟鑫著@zeng
210    @a北京@c中国社会科学出版社@d2020.12
215    @a256页@c图@d24cm
300    @a贵州省人力资源与社会保障厅招标项目“贵州省就业特点和发展趋势研究” 贵州财经大学2020年度在校学生科研资助项目“乡村振兴背景下农村基层协调治理机制研究”
314    @a王见敏, 湖北安陆人, 博士, 贵州财经大学副教授, 硕士生导师, 贵州人才发展研究所所长。钟鑫, 贵州财经大学公共管理学院行政管理专业硕士研究生。
320    @a有书目 (第250-255页)
330    @a本书在整体把握当前贵州全省就业形势的基础上, 以贵州省2012年至2017年就业数据为基础, 分别对比全国31个省份平均水平、西部平均水平, 通过140张图表呈现, 分析贵州省近五年来不同性别、不同行业、不同地区、不同群体, 尤其是女性群体、农民工群体、大学生群体、失业者群体、贫困群体) 就业状况。全书主要内容分为八个部分, 分别为总量篇、行业篇、区域篇、女性篇、大学生篇、农民工篇、失业篇和脱贫攻坚篇, 每部分均分为总量状况、分布特点、问题研判、趋势研判和对策建议五个部分 ; 每篇贵州省特定群体近五年就业总量状况、就业分布特点、就业问题研判、未来三年总体趋势与政策建议五部分进行描述、分析与判断, 是对系统把握全国、西部地区与贵州省就业的行业特点、性别特点、区域特点、重点群体特点, 通过对问题研判, 把握全国与贵州省当前就业存在的问题, 通过趋势研判, 对未来三年的总体发展趋势进行系统研判, 最后针对当前存在的问题及与未来可能存在的问题, 提出了相关的对策建议。
510 1  @aStudy on research on characteristic and trendency of employment in Guizhou province@zeng
606 0  @a就业问题@Ajiu ye wen ti@x研究@y贵州
690    @aD669.2@v5
701  0 @a王见敏@Awang jian min@4著
701  0 @a钟鑫@Azhong xin@4著
801  0 @aCN@bBJXHZP@c20230228
905    @b1387110-3@dD669.2@e286@f4
    
    贵州省就业特点与趋势研究= A study on research on characteristic and trendency of employment in Guizhou province/王见敏, 钟鑫著.-北京:中国社会科学出版社,2020.12
    256页:图;24cm
    贵州省人力资源与社会保障厅招标项目“贵州省就业特点和发展趋势研究” 贵州财经大学2020年度在校学生科研资助项目“乡村振兴背景下农村基层协调治理机制研究”
    
    ISBN 978-7-5203-7683-9:CNY96.00
    本书在整体把握当前贵州全省就业形势的基础上, 以贵州省2012年至2017年就业数据为基础, 分别对比全国31个省份平均水平、西部平均水平, 通过140张图表呈现, 分析贵州省近五年来不同性别、不同行业、不同地区、不同群体, 尤其是女性群体、农民工群体、大学生群体、失业者群体、贫困群体) 就业状况。全书主要内容分为八个部分, 分别为总量篇、行业篇、区域篇、女性篇、大学生篇、农民工篇、失业篇和脱贫攻坚篇, 每部分均分为总量状况、分布特点、问题研判、趋势研判和对策建议五个部分 ; 每篇贵州省特定群体近五年就业总量状况、就业分布特点、就业问题研判、未来三年总体趋势与政策建议五部分进行描述、分析与判断, 是对系统把握全国、西部地区与贵州省就业的行业特点、性别特点、区域特点、重点群体特点, 通过对问题研判, 把握全国与贵州省当前就业存在的问题, 通过趋势研判, 对未来三年的总体发展趋势进行系统研判, 最后针对当前存在的问题及与未来可能存在的问题, 提出了相关的对策建议。
●
相关链接 在E读中查询图书 在五车中查询图书 在当当中查询图书 在豆瓣中查询图书


正题名:贵州省就业特点与趋势研究     索取号:D669.2/286         预约/预借

序号 登录号 条形码 馆藏地/架位号 状态 备注
1 1387110   213871103   第一样本阅览室/ [索取号:D669.2/286] 在馆    
2 1387111   213871112   第一借阅区/ [索取号:D669.2/286] 在馆    
3 1387112   213871121   第一借阅区/ [索取号:D669.2/286] 在馆    
4 1387113   213871130   第一借阅区/ [索取号:D669.2/286] 在馆    
唐山师范学院图书馆 欢迎您!
大连网信软件有限公司© 版权所有